|
|
|
|
| LEADER |
00000nab a2200000 a 4500 |
| 001 |
vtls000082483 |
| 003 |
SK-MaSNL |
| 005 |
20260304235514.0 |
| 008 |
220423c1980 xo 0 slo |
| 015 |
|
|
|a SNBRA19rr/mm-uuuuu
|
| 035 |
|
|
|a CL0092585
|
| 040 |
|
|
|a SNKBUCL
|b slo
|c SNKBUCL
|e AACR2
|
| 041 |
0 |
|
|a slo
|
| 044 |
|
|
|a xo
|c SK
|
| 080 |
|
|
|a 577
|2 1981
|
| 080 |
|
|
|a 576
|2 1981
|
| 100 |
1 |
|
|a Šajter, Vít,
|d 1934-2016
|4 aut
|9 5382
|
| 245 |
1 |
0 |
|a Transport sodíkových a kalciových iónov cez membránu svalovej bunky s kalciovou elektrogenézou
|c V. Šajter
|
| 300 |
|
|
|b Obr. 17. Tb. 4. Res. rus., angl.
|
| 650 |
0 |
7 |
|a svalové bunky
|2 snkbucl
|9 116087
|
| 650 |
0 |
7 |
|a bunkové membrány
|2 snkbucl
|9 50733
|
| 650 |
0 |
7 |
|a kalciová elektrogenéza
|2 snkbucl
|9 1573110
|
| 650 |
0 |
7 |
|a pokusy na zvieratách
|2 snkbucl
|9 30400
|
| 650 |
0 |
7 |
|a raky
|2 snkbucl
|9 51637
|
| 655 |
|
7 |
|a články zo zborníkov
|2 snkbucl
|9 166140
|
| 773 |
0 |
|
|t Folia Facultatis medicae Universitatis Comenianae Bratislaviensis 18
|d Martin : Osveta, 1980
|g S. 85-117
|
| 850 |
|
|
|a Slovenská národná knižnica v Martine
|a MTA001
|
| 852 |
|
|
|a SNK
|b KIS3GCP
|
| 958 |
|
|
|a RK
|
| 958 |
|
|
|a ME
|
| 992 |
|
|
|a RZB
|
| 999 |
|
|
|c 3209178
|d 3211108
|